000 00732nam a2200229 a 4500
001 42213
003 BD-RjUL
005 20211209053516.0
008 160611s1956 ne b b 000 0 eng d
035 _a(BD-RjUL)42331
040 _aANL
_beng
_cANL
_dBD-RjUL
041 _aeng
082 _223
_a341.23546
_bKHU 1956
100 1 _aKhan, Mohammed Matainur Rahman
_9129821
245 1 4 _aThe United Nations and Kashmir /
_cMohammed Matainur Rahman Khan
260 _aGroningen :
_bJ. B. Wolters,
_c1955
300 _aviii, 213 p. :
_bill. ;
_c23 cm.
504 _aBibliography: p. 204-213.
610 2 0 _aUnited Nations
_zKashmir.
_9129822
651 0 _aJammu and Kashmir (India)
_xPolitics and government.
_9127357
942 _2ddc
_cBK
999 _c42213
_d42213